书目信息 |
| 题名: |
感动世界的文字
|
|
| 作者: | 高振忠编著 | |
| 分册: | 入门篇 | |
| 出版信息: | 北京 中国纺织出版社有限公司 2020 |
|
| 页数: | 229页 | |
| 开本: | 24cm | |
| 丛书名: | ||
| 单 册: | ||
| 中图分类: | H319.4:1 | |
| 科图分类: | ||
| 主题词: | 英语 | |
| 电子资源: | ||
| ISBN: | 978-7-5180-7565-2 | |
| 000 | 00669nam0 2200241 450 | |
| 001 | 2454204927 | |
| 005 | 20241101150618.20 | |
| 010 | @a978-7-5180-7565-2@dCNY68.00 | |
| 096 | @aH319.4@bgzz | |
| 100 | @a20201103d2020 em y0chiy50 ea | |
| 101 | 0 | @achi@aeng |
| 102 | @aCN@b110000 | |
| 105 | @aa z 000yy | |
| 200 | 1 | @a感动世界的文字 @e英语小故事大全集 @e青少版 @i入门篇 @f高振忠编著 |
| 210 | @a北京@c中国纺织出版社有限公司@d2020 | |
| 215 | @a229页@c图@d24cm | |
| 300 | @a青少版 | |
| 503 | @n河南城建学院图书馆 | |
| 517 | 1 | @a英语小故事大全集 |
| 606 | 0 | @a英语 |
| 690 | @aH319.4:1@v4 | |
| 801 | 0 | @aCN@bMuseLib.NET@c20201103 |
| 905 | @aZUCC@dH319.4:1@eG219 | |
| 感动世界的文字 :英语小故事大全集 :青少版 .入门篇 /高振忠编著.-北京:中国纺织出版社有限公司,2020 |
| 229页:图;24cm |
| 青少版 |
| ISBN 978-7-5180-7565-2:CNY68.00 |
| ● |
| 相关链接 |
|
|
|
正题名:感动世界的文字
索取号:H319.4:1/G219
 
预约/预借
| 序号 | 登录号 | 条形码 | 馆藏地/架位号 | 状态 | 备注 |
| 1 | 1553560 | 215535605 | 语言库209/209语言库 53排2列3层/ [索取号:H319.4:1/G219] | 在馆 | |
| 2 | 1553561 | 215535614 | 语言库209/209语言库 53排2列3层/ [索取号:H319.4:1/G219] | 在馆 |